000 00545nam a2200205Ia 4500
003 GCL
005 20240530100248.0
008 140319s9999 xx 000 0 eng d
040 _aGCL /
_cGCL
082 0 4 _a792.03
_bU B
100 1 _aUSTINOV, PETER
245 1 0 _aBREWER'S THEATER : A PHRASE AND FABLE DICTIONTARY /
_cUSTINOV, PETER
260 _a[S.N] :
_bCASSELL ،
_c1994
300 _a513 P
650 0 4 _aTHEATER
650 0 4 _aTHEATER - ENVIRONMENT
650 0 4 _aTHEATER - DICTIONARY
700 1 _aUSTINOV, PETER
942 _2ddc
_cBK
999 _c15807
_d15807